| 000 | 005590000a22002050004500 | ||
|---|---|---|---|
| 003 | LK-CoMWRAF | ||
| 008 | 230817t ||||| |||| 00| 0 eng d | ||
| 040 |
_aLK-CoMWRAF _dLK-CoMWRAF _eLK-CoMWRAF |
||
| 041 | _aeng | ||
| 082 |
_a040 _bJAM |
||
| 100 | _aJameel, S.H.M. | ||
| 245 |
_aSuvadi Arruppadai _b(Bibliography of books by Sri Lankan Muslims) |
||
| 260 |
_bIslamic Book Publishing Centre _aSri Lanka (Kalmunai) _c1994 |
||
| 300 | _ap.64 | ||
| 650 | _a1850-1899 | ||
| 650 | _a1900-1924 | ||
| 650 | _a1925-1949 | ||
| 650 | _aNool Thettam | ||
| 942 | _cBK | ||
| 999 |
_c1852 _d1852 |
||